000 01023nam0a22002291i 4500
001 rc\3697878
005 20240726040830.0
021 _aRU
_b[70-20620а]
035 _a(NLR Aleph) 007760946
090 _a7365453
_c7365453
100 _a20130115d1970 |||y0rusy50 ca
101 0 _arus
102 _aRU
105 _ay d |||||
200 1 _aСовершенствование учета затрат, калькуляции и анализа себестоимости продукции овощеводства открытого грунта
_e(На примере специализир. совхозов Моск. обл.)
_eАвтореф. дис. на соискание учен. степени канд. экон. наук
_e(601)
_fМоск. с.-х. акад. им. К.А. Тимирязева
210 _aМосква
_d1970
215 _a15 с.
700 1 _aКичева
_bА.А.
_gАнна Андреевна
801 0 _aRU
_bNLR
_gpsbo
801 1 _aRU
_bELAR
_2rusmarc
852 _aNLR
_j70-4/26661
942 _cBOOK